RICS and NAEA in talks (Record no. 69303)
[ view plain ]
| 000 -LEADER | |
|---|---|
| fixed length control field | 00725cam a2200181 4500 |
| 001 - CONTROL NUMBER | |
| control field | WB3802-31 |
| 008 - FIXED-LENGTH DATA ELEMENTS--GENERAL INFORMATION | |
| fixed length control field | 020117n2002 000 0 eng u |
| 035 ## - SYSTEM CONTROL NUMBER | |
| System control number | (Sirsi) u116351 |
| 245 ## - TITLE STATEMENT | |
| Title | RICS and NAEA in talks |
| 260 ## - PUBLICATION, DISTRIBUTION, ETC. | |
| Date of publication, distribution, etc. | 2002 |
| 490 ## - SERIES STATEMENT | |
| Series statement | RICS Press Release |
| Volume/sequential designation | (pr009) 16 January 2002, (2) |
| 520 ## - SUMMARY, ETC. | |
| Summary, etc. | RICS is in discussion with the National Association of Estate Agents regarding ways in which the two bodies could co-operate. No merger is planned; instead NAEA members could be part of an RICS estate agency forum which would operate in parallel with the RICS Residential Faculty. |
| 590 ## - LOCAL NOTE (RLIN) | |
| Local note | WB |
| 650 ## - SUBJECT ADDED ENTRY--TOPICAL TERM | |
| Topical term or geographic name entry element | RESIDENTIAL ESTATE AGENTS |
| 650 ## - SUBJECT ADDED ENTRY--TOPICAL TERM | |
| Topical term or geographic name entry element | PROFESSIONAL BODIES |
| 690 ## - LOCAL SUBJECT ADDED ENTRY--TOPICAL TERM (OCLC, RLIN) | |
| Topical term or geographic name as entry element | RICS NEWS |
| 942 ## - ADDED ENTRY ELEMENTS (KOHA) | |
| Suppress in OPAC | 0 |
| Withdrawn status | Lost status | Source of classification or shelving scheme | Damaged status | Not for loan | Home library | Current library | Shelving location | Date acquired | Total Checkouts | Full call number | Barcode | Date last seen | Copy number | Price effective from | Koha item type |
|---|---|---|---|---|---|---|---|---|---|---|---|---|---|---|---|
| Dewey Decimal Classification | London | London | News article | 17/01/2002 | WB3802-31 | 116351-1001 | 06/08/2019 | 1 | 06/08/2019 | News article |